Normal view
MARC view
- Akansha V, R
Entry Personal Name
001 - CONTROL NUMBER
- control field: 7893
003 - CONTROL NUMBER IDENTIFIER
- control field: OSt
005 - DATE AND TIME OF LATEST TRANSACTION
- control field: 20260307133118.0
008 - FIXED-LENGTH DATA ELEMENTS
- fixed length control field: 260307|| aca||aabn | a|a d
040 ## - CATALOGING SOURCE
- Original cataloging agency: OSt
- Transcribing agency: OSt
100 ## - HEADING--PERSONAL NAME
- Personal name: Akansha V, R
670 ## - SOURCE DATA FOUND
- Source citation: Work cat.: (OSt)19622: Akansha V, R, GROUNDWATER MODELLING USING WETSPASS-M AND MODFLOW, 2026
